000
00294nam a2200133Ia 4500
100
_a
Unadkat C.L. & others
942
_c
BK
654
_a
Computer
245
_a
Oracle 6/7 SQC Report Writer
260
_b
BPB
_a
New Delhi
_c
1995
082
_a
5.13
_b
PAN
546
_a
ENGLISH
999
_c
34334
_d
34334